Errate den Songtext ohne das Lied zu kennen #4 - Statistiken

Allgemein
  • Dieses Quiz wurde 843 mal gespielt
  • Das Durchschnittsergebnis liegt bei 101 aus 227
Antwortstatistiken
Antwort % Korrekt
I
98%
you
89%
You
89%
the
77%
it
70%
He
68%
we
67%
me
64%
are
62%
When
62%
no
61%
to
61%
A'm
59%
was
58%
was,
58%
And
56%
in
56%
In
56%
who
55%
as
52%
As
52%
on
51%
on?"
51%
not
50%
What
49%
Go
48%
know
48%
your
46%
Your
46%
it's
44%
its
44%
that?
44%
that
44%
us
44%
want
44%
this
39%
will
39%
don't
38%
of
38%
her
37%
same
37%
just
35%
Why
33%
world,
33%
one
31%
way
31%
leave
29%
Leave
29%
get
28%
at
26%
by
26%
say
26%
talk
26%
wanna
26%
about
25%
hold
24%
you're
23%
back
21%
good
21%
home
21%
home,
21%
two
20%
America,
19%
oh
18%
"Harry,
17%
kind
17%
alone
16%
Nothin'
16%
follow
15%
Holdin'
15%
holdin'
15%
kids
15%
hand
14%
light
14%
out
14%
Answer
13%
phone
13%
stay,
13%
everything
12%
internet
12%
pills
12%
doin'
11%
Gravity's
11%
help
11%
floor?
10%
wants
10%
first
9%
gets
9%
palm
9%
sittin'
9%
speed
9%
comin'
8%
well,
8%
ahead,
7%
bell
7%
Ringin'
7%
who's
7%
cannot
6%
daddy
6%
nobody's
6%
Seems
6%
lives
5%
replaced
5%
himself
4%
Keine übereinstimmenden Quizze gefunden
Verteilung der Resultate
Anzahl Personen mit jedem Resultat
Perzentil nach korrekt beantworteten Fragen
Ihre Resultats-Entwicklung
Sie haben dieses Quiz noch nicht gespielt